[Event "XVII MetLife Najdorf Open 2017"]
[Site "Warsaw"]
[Date "2017.07.16"]
[Round "8"]
[White "Lewtak, Damian"]
[Black "Nowicki, Bartosz"]
[Result "1-0"]
[WhiteElo "2341"]
[BlackElo "2262"]
[Annotator "NA"]
[PlyCount "169"]
[EventDate "2017.??.??"]
[EventType "swiss"]
[EventCountry "POL"]
[SourceTitle "playchess.com"]
[Source "ChessBase"]
[SourceQuality "1"]
[TimeControl "40/5400+30:1800+30"]

1. e4 {[%emt 0:00:00]} d6 {[%emt 0:08:09]} 2. d4 {[%emt 0:00:37]} g6 {[%emt 0:00:03]} 3. c4 {[%emt 0:00:32]} Bg7 {[%emt 0:00:06]} 4. Nc3 {[%emt 0:00:13]} Nf6 {[%emt 0:00:21]} 5. f3 {[%emt 0:00:42]} O-O {[%emt 0:00:06]} 6. Bg5 {[%emt 0:00:28]} h6 {[%emt 0:00:26]} 7. Be3 {[%emt 0:00:06]} e5 {[%emt 0:02:02]} 8. d5 {[%emt 0:00:34]} c6 {[%emt 0:01:03]} 9. Qd2 {[%emt 0:00:41]} cxd5 {[%emt 0:00:13]} 10. cxd5 {[%emt 0:01:06]} Kh7 {[%emt 0:07:40] E81: King's Indian: Sämisch: 6th move deviations (including 6 Be3 c6)} (10... Nbd7 11. O-O-O Kh7 12. g4 Ne8 13. h4 a6 14. Kb1 b5 15. Rc1 Nc5 16. h5 g5 17. Nh3 f6 18. Nf2 {1-0 (37) Riazantsev,A (2671)-Savenkov,K (2320) Sochi 2015}) 11. Bd3 {[%emt 0:00:48]} Nbd7 {[%emt 0:00:40]} 12. Nge2 {[%emt 0:01:49]} Nc5 {[%emt 0:00:45]} 13. Bc2 {[%emt 0:00:22]} a5 {[%emt 0:00:14]} 14. a3 $146 {[%emt 0:01:49]} ({Predecessor:} 14. g4 Bd7 15. a4 Qb6 {1-0 (60) Rajkovic,D (2430)-Ilijc,M (2234) Obrenovac 2004}) 14... Bd7 {[%emt 0:00:42]} 15. O-O {[%emt 0:09:13]} a4 {[%emt 0:01:32]} 16. Nc1 {[%emt 0:01:25]} Qa5 {[%emt 0:01:06]} 17. Nd3 {[%emt 0:00:39]} Nxd3 {[%emt 0:01:09]} 18. Bxd3 {[%emt 0:00:16]} Nh5 {[%emt 0:06:24]} 19. g3 {[%emt 0:07:47]} f5 {[%emt 0:03:04]} 20. Ne2 {[%emt 0:05:40]} Qd8 {[%emt 0:01:20]} 21. exf5 {[%emt 0:02:06]} gxf5 {[%emt 0:00:09]} 22. g4 {[%emt 0:04:07]} Nf6 {[%emt 0:07:00]} 23. gxf5 {[%emt 0:00:17]} Qe8 {[%emt 0:11:13]} 24. Ng3 {[%emt 0:04:12]} Bb5 {[%emt 0:01:49]} 25. Ne4 {[%emt 0:06:57]} Bxd3 {[%emt 0:00:29]} 26. Qxd3 {[%emt 0:00:05]} Qd7 {[%emt 0:00:22]} 27. Rac1 {[%emt 0:02:13]} Kh8 {[%emt 0:02:00]} 28. Rc3 {[%emt 0:05:20]} Ra6 {[%emt 0:08:58]} 29. Nxf6 {[%emt 0:05:03]} Rxf6 {[%emt 0:00:02]} 30. Rfc1 {[%emt 0:02:04]} Qxf5 {[%emt 0:00:24]} 31. Rc8+ {[%emt 0:06:11]} Kh7 {[%emt 0:00:14]} 32. Qe4 {[%emt 0:02:15]} Ra5 {[%emt 0:01:51]} 33. R1c2 {[%emt 0:05:05]} Qxe4 {[%emt 0:11:30]} 34. fxe4 {[%emt 0:00:08]} Rb5 {[%emt 0:00:12]} 35. Kg2 {[%emt 0:06:22]} Kg6 {[%emt 0:06:31]} 36. Bd2 {[%emt 0:04:39]} Rb3 {[%emt 0:02:49]} 37. R8c3 {[%emt 0:00:16]} Rb6 {[%emt 0:02:29]} 38. Rg3+ {[%emt 0:00:51]} Kh7 {[%emt 0:00:14]} 39. Rc7 {[%emt 0:00:55]} Rg6 {[%emt 0:00:57]} 40. Rxg6 {[%emt 0:00:00]} Kxg6 {[%emt 0:00:03]} 41. Bb4 {[%emt 0:00:16]} h5 {[%emt 0:05:57]} 42. Rd7 {[%emt 0:01:39]} Bf8 {[%emt 0:01:25]} 43. Kf3 {[%emt 0:00:50]} Kf6 {[%emt 0:00:28]} 44. Ke3 {[%emt 0:01:22]} Be7 {[%emt 0:01:15]} 45. Kd3 {[%emt 0:01:24]} Kf7 {[%emt 0:00:11]} 46. Rc7 {[%emt 0:00:24]} Ke8 {[%emt 0:00:30]} 47. Rc8+ {[%emt 0:00:20]} Kd7 {[%emt 0:00:46]} 48. Ra8 {[%emt 0:05:19]} Ra6 {[%emt 0:00:21]} 49. Rxa6 {[%emt 0:00:16]} bxa6 {[%emt 0:00:01]} 50. Bd2 {[%emt 0:01:35]} Bd8 {[%emt 0:00:51]} 51. Kc4 {[%emt 0:00:16]} Bb6 {[%emt 0:00:14]} 52. Kb4 {[%emt 0:00:49]} Kc7 {[%emt 0:03:10]} 53. Kxa4 {[%emt 0:00:25]} Kb7 {[%emt 0:00:02]} 54. Bb4 {[%emt 0:01:06]} Bc7 {[%emt 0:00:02]} 55. Kb3 $2 {[%emt 0:00:14]} (55. Ba5) 55... Bb8 {[%emt 0:00:29]} (55... Kb6 $142 56. Kc4 a5) 56. Kc4 {[%emt 0:00:15]} Kb6 {[%emt 0:00:42]} (56... Bc7 $142 57. Bd2 Bd8) 57. Bd2 {[%emt 0:00:13]} Bc7 {[%emt 0:00:16]} 58. b4 {[%emt 0:00:16]} Bd8 {[%emt 0:00:11]} 59. Be3+ {[%emt 0:00:56]} Kb7 {[%emt 0:00:01]} 60. Bh6 {[%emt 0:00:53]} Be7 {[%emt 0:01:01]} 61. a4 {[%emt 0:00:58]} Kb6 {[%emt 0:00:04]} 62. Bd2 {[%emt 0:09:25]} Kb7 {[%emt 0:08:47]} 63. Kd3 {[%emt 0:00:06]} Kc7 {[%emt 0:00:41]} 64. Ke2 {[%emt 0:00:06]} Kd7 {[%emt 0:00:20]} 65. Kf3 {[%emt 0:00:21]} Bh4 {[%emt 0:00:19]} 66. Kg2 {[%emt 0:00:45]} Bd8 {[%emt 0:00:47]} 67. Kh3 {[%emt 0:00:18]} Bf6 {[%emt 0:00:05]} 68. Be1 {[%emt 0:00:38]} Bg5 {[%emt 0:00:14]} 69. Bh4 {[%emt 0:00:46]} Bd2 {[%emt 0:00:06]} 70. b5 {[%emt 0:00:49]} axb5 {[%emt 0:00:01]} 71. axb5 {[%emt 0:00:06]} Be3 {[%emt 0:00:14]} 72. Bf6 {[%emt 0:00:37]} Bf2 {[%emt 0:00:01]} 73. Bg5 {[%emt 0:01:01]} Kc7 {[%emt 0:00:12]} 74. Be7 {[%emt 0:01:23]} Kd7 {[%emt 0:03:59]} 75. Bf8 {[%emt 0:00:52]} Bg1 {[%emt 0:00:36]} 76. b6 {[%emt 0:01:02]} Bxb6 {[%emt 0:00:06]} 77. Kh4 {[%emt 0:00:03]} Bc5 {[%emt 0:00:37]} 78. Kxh5 {[%emt 0:00:27]} Ke8 {[%emt 0:00:04]} 79. Bh6 {[%emt 0:00:07]} Kf7 {[%emt 0:00:04]} 80. Bg5 {[%emt 0:00:09]} Bb6 {[%emt 0:00:53]} 81. Kg4 {[%emt 0:00:06]} Kg6 {[%emt 0:00:04]} 82. h4 {[%emt 0:00:05]} Bc5 {[%emt 0:00:28]} 83. h5+ {[%emt 0:00:06]} Kf7 {[%emt 0:00:04]} 84. Kf5 {[%emt 0:00:05]} Kg7 {[%emt 0:00:08]} 85. Ke6 {[%emt 0:00:07]} 1-0

[Event "XVII MetLife Najdorf Open 2017"]
[Site "Warsaw"]
[Date "2017.07.16"]
[Round "8"]
[White "Martin, Julian"]
[Black "Szustakowski, Antoni"]
[Result "1-0"]
[WhiteElo "2332"]
[BlackElo "2171"]
[Annotator "NA"]
[PlyCount "87"]
[EventDate "2017.??.??"]
[EventType "swiss"]
[EventCountry "POL"]
[SourceTitle "playchess.com"]
[Source "ChessBase"]
[SourceQuality "1"]
[TimeControl "40/5400+30:1800+30"]

1. e4 {[%emt 0:01:16]} e6 {[%emt 0:00:06]} 2. d4 {[%emt 0:00:14]} d5 {[%emt 0:00:05]} 3. Nc3 {[%emt 0:00:08]} Nf6 {[%emt 0:00:10]} 4. e5 {[%emt 0:00:06]} Nfd7 {[%emt 0:00:07]} 5. f4 {[%emt 0:00:04]} c5 {[%emt 0:00:07]} 6. Nf3 {[%emt 0:00:07]} Nc6 {[%emt 0:00:06]} 7. Be3 {[%emt 0:00:05]} a6 {[%emt 0:00:06]} 8. a3 {[%emt 0:01:16]} b5 {[%emt 0:00:44]} 9. Qd2 {[%emt 0:03:12]} g5 {[%emt 0:00:07]} 10. dxc5 {[%emt 0:20:26]} gxf4 {[%emt 0:00:32]} 11. Bf2 {[%emt 0:00:07]} Bg7 {[%emt 0:13:31]} 12. Be2 {[%emt 0:05:20]} Ndxe5 {[%emt 0:07:16]} 13. Qxf4 {[%emt 0:00:55]} Bb7 {[%emt 0:05:51]} 14. O-O {[%emt 0:02:53]} O-O {[%emt 0:01:18]} 15. Rad1 {[%emt 0:08:37]} Ng6 {[%emt 0:07:40]} 16. Qg3 {[%emt 0:01:20]} f5 {[%emt 0:03:49]} 17. h4 {[%emt 0:01:46]} Qb8 {[%emt 0:02:08]} 18. h5 {[%emt 0:13:35]} Qxg3 {[%emt 0:09:13]} 19. Bxg3 {[%emt 0:00:05]} Nge5 {[%emt 0:00:12]} 20. Ng5 {[%emt 0:07:23]} Rfe8 {[%emt 0:07:15]} 21. Rfe1 {[%emt 0:02:18]} h6 {[%emt 0:09:51]} 22. Nh3 {[%emt 0:01:57]} Nd7 {[%emt 0:05:08]} 23. Bf2 {[%emt 0:03:27]} d4 {[%emt 0:02:09]} 24. b4 {[%emt 0:00:26]} Nde5 {[%emt 0:04:52]} 25. Nb1 {[%emt 0:00:42]} Nc4 {[%emt 0:00:23]} 26. Bxc4 {[%emt 0:02:00]} bxc4 {[%emt 0:00:10]} 27. Nd2 {[%emt 0:00:12]} c3 {[%emt 0:09:49]} 28. Nc4 {[%emt 0:00:11]} Rad8 {[%emt 0:00:01]} 29. Nd6 {[%emt 0:00:23]} Rxd6 {[%emt 0:00:01]} 30. cxd6 {[%emt 0:00:22]} e5 {[%emt 0:00:07]} 31. Bxd4 {[%emt 0:00:26]} Nxd4 {[%emt 0:01:51]} 32. Rxd4 {[%emt 0:00:08]} Be4 {[%emt 0:03:18]} 33. Rc4 {[%emt 0:01:01]} Rd8 {[%emt 0:00:21]} 34. Rxc3 {[%emt 0:01:43]} Rxd6 {[%emt 0:00:05]} 35. Rc8+ {[%emt 0:00:21]} Kf7 {[%emt 0:00:52]} 36. Nf2 {[%emt 0:00:54]} Bc6 {[%emt 0:00:36]} 37. Rc7+ {[%emt 0:00:25]} Kg8 {[%emt 0:00:32]} 38. Rd1 {[%emt 0:01:25]} Re6 {[%emt 0:00:28]} 39. Nd3 {[%emt 0:00:16]} Rd6 {[%emt 0:00:38]} 40. Nb2 {[%emt 0:00:00]} Re6 {[%emt 0:00:06]} 41. Rd8+ {[%emt 0:01:07]} Kh7 {[%emt 0:01:30]} 42. Nd3 {[%emt 0:02:44]} Ba4 {[%emt 0:01:49]} 43. Nc5 {[%emt 0:00:53]} Rc6 {[%emt 0:00:06]} 44. Rdc8 {[%emt 0:00:29]} 1-0

[Event "XVII MetLife Najdorf Open 2017"]
[Site "Warsaw"]
[Date "2017.07.16"]
[Round "8"]
[White "Lewicki, Miroslaw"]
[Black "Nguyen, Piotr"]
[Result "1/2-1/2"]
[WhiteElo "2323"]
[BlackElo "2444"]
[Annotator "TA"]
[PlyCount "89"]
[EventDate "2017.??.??"]
[EventType "swiss"]
[EventCountry "POL"]
[SourceTitle "playchess.com"]
[Source "ChessBase"]
[SourceQuality "1"]

1. e4 {Program Activation Required} c5 2. Nf3 Nc6 3. Bb5 g6 4. O-O Bg7 5. Re1 e5 6. Bxc6 dxc6 7. d3 Qe7 8. Be3 {B31: Sicilian: 2...Nc6 3 Bb5 g6} Nf6 9. Nbd2 Ng4 10. Bg5 $146 ({NOTEXT:} 10. Qe2 h5 11. a4 Be6 12. b3 Nxe3 13. Qxe3 Bh6 14. Qe2 f6 15. Nc4 b6 {0-1 (60) Oren,I (2450)-Manor,I (2450) Israel 1990}) 10... f6 11. Bh4 g5 12. Bg3 h5 13. h4 Be6 14. Qe2 O-O-O 15. a3 Bh6 16. b4 Rdg8 17. c4 gxh4 18. Bxh4 Bf8 19. Nb3 Qg7 20. g3 Nh6 21. bxc5 Bg4 22. Rab1 Nf7 23. Qe3 Qg6 24. d4 Bh6 25. Qc3 Bxf3 26. Qxf3 Bg5 27. Na5 Bxh4 28. Rxb7 Nd8 29. Rxa7 Bxg3 30. fxg3 Qxg3+ 31. Qxg3 Rxg3+ 32. Kh2 Rhg8 33. d5 Rg2+ 34. Kh1 R2g4 35. Re2 Rg1+ 36. Kh2 R1g4 37. Ra8+ Kd7 38. Re3 Rg2+ 39. Kh3 Rg1 40. Re2 R1g3+ 41. Kh2 R3g4 42. Re3 Rg2+ 43. Kh3 Rg1 44. Re2 R1g3+ 45. Kh2 1/2-1/2

[Event "XVII MetLife Najdorf Open 2017"]
[Site "Warsaw"]
[Date "2017.07.16"]
[Round "8"]
[White "Paszewski, Mateusz"]
[Black "Krzyzanowski, Marcin"]
[Result "1/2-1/2"]
[WhiteElo "2323"]
[BlackElo "2464"]
[Annotator "TA"]
[PlyCount "33"]
[EventDate "2017.??.??"]
[EventType "swiss"]
[EventCountry "POL"]
[SourceTitle "playchess.com"]
[Source "ChessBase"]
[SourceQuality "1"]

{[%evp 16,18,46,48,47]} 1. e4 e6 2. d4 d5 3. Nc3 dxe4 4. Nxe4 Nd7 5. Nf3 Ngf6 6. Nxf6+ Nxf6 7. Bd3 Be7 8. Qe2 c5 9. dxc5 Bxc5 {C10: French with 3 Nc3: Unusual Black 3rd moves and 3...dxe4} (9... Qa5+ 10. Bd2 Qxc5 11. Ne5 O-O 12. O-O-O Rd8 13. a3 Qc7 14. Bg5 Rd5 15. f4 h6 16. h4 Bd7 17. g4 {½-½ (77) Macieja,B (2529)-Cordova,E (2645) Leon 2017}) {NOTEXT:} 10. Bg5 $146 a6 11. O-O-O Qb6 12. Ne5 h6 13. Bh4 Be7 14. Rhe1 Qb4 15. Bc4 O-O 16. a3 Qc5 17. f4 {1-0 (42) Markgraf,A (2488)-Dudzinski,P (2386) Germany 2015} 1/2-1/2

[Event "XVII MetLife Najdorf Open 2017"]
[Site "Warsaw"]
[Date "2017.07.16"]
[Round "8"]
[White "Schroeder, Kevin"]
[Black "Zlatin, Alexander"]
[Result "1/2-1/2"]
[WhiteElo "2321"]
[BlackElo "2259"]
[Annotator "ChessBase"]
[PlyCount "136"]
[EventDate "2017.??.??"]
[EventType "swiss"]
[EventCountry "POL"]
[SourceTitle "playchess.com"]
[Source "ChessBase"]
[SourceQuality "1"]
[TimeControl "40/5400+30:1800+30"]

1. Nf3 {[%emt 0:00:00]} Nf6 {[%emt 0:00:09]} 2. c4 {[%emt 0:00:04]} e6 {[%emt 0:00:34]} 3. g3 {[%emt 0:00:09]} b6 {[%emt 0:01:11]} 4. Bg2 {[%emt 0:00:06]} Bb7 {[%emt 0:00:06]} 5. O-O {[%emt 0:00:12]} Be7 {[%emt 0:00:23]} 6. Nc3 {[%emt 0:00:32]} O-O {[%emt 0:00:44]} 7. d4 {[%emt 0:00:13]} d5 {[%emt 0:00:34]} 8. Qd3 {[%emt 0:01:52]} Na6 {[%emt 0:07:09]} 9. a3 {[%emt 0:01:45]} c5 {[%emt 0:03:30]} 10. cxd5 {[%emt 0:09:08]} cxd4 {[%emt 0:18:25]} 11. Nxd4 {[%emt 0:00:27]} Nc5 {[%emt 0:03:32]} 12. Qc2 {[%emt 0:07:24]} Nxd5 {[%emt 0:04:41]} 13. Nxd5 {[%emt 0:01:41]} Bxd5 {[%emt 0:08:20]} 14. Nc6 {[%emt 0:00:15]} Qd7 {[%emt 0:08:53]} 15. Nxe7+ {[%emt 0:05:36]} Qxe7 {[%emt 0:00:55]} 16. e4 {[%emt 0:03:07]} Bb7 {[%emt 0:18:46]} 17. b4 {[%emt 0:04:05]} Na6 {[%emt 0:00:06]} 18. Bb2 {[%emt 0:00:58]} Rac8 {[%emt 0:00:04]} 19. Qa4 {[%emt 0:00:54]} Qe8 {[%emt 0:02:36]} 20. Qxe8 {[%emt 0:00:54]} Rfxe8 {[%emt 0:00:04]} 21. Rac1 {[%emt 0:00:31]} f6 {[%emt 0:03:44]} 22. Rfd1 {[%emt 0:03:49]} Rxc1 {[%emt 0:01:07]} 23. Bxc1 {[%emt 0:00:36]} Kf7 {[%emt 0:01:25]} 24. Be3 {[%emt 0:01:59]} Ke7 {[%emt 0:01:04]} 25. Bf1 {[%emt 0:03:14]} Rd8 {[%emt 0:01:27]} 26. Rxd8 {[%emt 0:06:49]} Kxd8 {[%emt 0:00:14]} 27. f3 {[%emt 0:00:04]} Kd7 {[%emt 0:00:52]} 28. Kf2 {[%emt 0:00:52]} Kd6 {[%emt 0:01:07]} 29. h4 {[%emt 0:02:03]} Nc7 {[%emt 0:02:52]} 30. a4 {[%emt 0:01:08]} Na6 {[%emt 0:03:05]} 31. Bd2 {[%emt 0:00:48]} e5 {[%emt 0:01:05]} 32. Bc4 {[%emt 0:01:30]} Nc7 {[%emt 0:03:04]} 33. Ke3 {[%emt 0:05:08]} Bc8 {[%emt 0:00:43]} 34. f4 {[%emt 0:02:29]} Be6 {[%emt 0:00:51]} 35. Bf1 {[%emt 0:00:58]} Bb3 {[%emt 0:01:05]} 36. a5 {[%emt 0:00:04]} Ne6 {[%emt 0:01:36]} 37. Bc3 {[%emt 0:01:18]} Nc7 {[%emt 0:01:12]} 38. Bd2 {[%emt 0:03:14]} Ne6 {[%emt 0:00:04]} 39. Kd3 {[%emt 0:00:09]} Ba2 {[%emt 0:01:37]} 40. Kc2 {[%emt 0:00:00]} Nd4+ {[%emt 0:00:41]} 41. Kb2 {[%emt 0:03:24]} Bf7 {[%emt 0:00:45]} 42. axb6 {[%emt 0:00:30]} axb6 {[%emt 0:02:44]} 43. Be3 {[%emt 0:00:16]} Bg6 {[%emt 0:12:13]} 44. f5 {[%emt 0:01:48]} Bh5 {[%emt 0:00:36]} 45. Bd3 {[%emt 0:09:53]} Kc6 {[%emt 0:00:45]} 46. Bf2 {[%emt 0:05:26]} Nb5 {[%emt 0:01:11]} 47. Kc2 {[%emt 0:02:52]} Nd6 {[%emt 0:00:49]} 48. Kd2 {[%emt 0:00:50]} Bf7 {[%emt 0:00:07]} 49. g4 {[%emt 0:00:33]} h6 {[%emt 0:01:29]} 50. Bg3 {[%emt 0:02:15]} Bc4 {[%emt 0:01:53]} 51. Bc2 {[%emt 0:02:14]} Kb5 {[%emt 0:01:02]} 52. Bf2 {[%emt 0:00:48]} Bf7 {[%emt 0:04:04]} 53. Kc3 {[%emt 0:00:28]} Kc6 {[%emt 0:00:14]} 54. Be3 {[%emt 0:00:09]} Nb5+ {[%emt 0:00:06]} 55. Kb2 {[%emt 0:00:44]} Nd6 {[%emt 0:00:12]} 56. Bc1 {[%emt 0:00:16]} Bc4 {[%emt 0:01:54]} 57. g5 {[%emt 0:01:09]} hxg5 {[%emt 0:00:02]} 58. hxg5 {[%emt 0:00:07]} fxg5 {[%emt 0:00:39]} 59. Bxg5 {[%emt 0:00:08]} Be2 {[%emt 0:00:26]} 60. Be7 {[%emt 0:13:30]} Bf3 {[%emt 0:00:20]} 61. b5+ {[%emt 0:00:55]} Kd7 {[%emt 0:00:34]} 62. Bf8 {[%emt 0:00:15]} Bxe4 {[%emt 0:01:08]} 63. Bxe4 {[%emt 0:00:22]} Nxe4 {[%emt 0:00:01]} 64. Bxg7 {[%emt 0:00:07]} Nd6 {[%emt 0:00:27]} 65. Bxe5 {[%emt 0:00:24]} Nxf5 {[%emt 0:00:54]} 66. Kb3 {[%emt 0:00:11]} Ne7 {[%emt 0:00:13]} 67. Bd4 {[%emt 0:00:16]} Nc8 {[%emt 0:00:23]} 68. Bxb6 {[%emt 0:00:04]} Nxb6 {[%emt 0:00:04]} 1/2-1/2

[Event "XVII MetLife Najdorf Open 2017"]
[Site "Warsaw"]
[Date "2017.07.16"]
[Round "8"]
[White "Bednarek, Sylwester"]
[Black "Tomczak, Mikolaj"]
[Result "0-1"]
[WhiteElo "2309"]
[BlackElo "2395"]
[Annotator "NA"]
[PlyCount "104"]
[EventDate "2017.??.??"]
[EventType "swiss"]
[EventCountry "POL"]
[SourceTitle "playchess.com"]
[Source "ChessBase"]
[SourceQuality "1"]
[TimeControl "40/5400+30:1800+30"]

1. d4 g6 2. c3 Bg7 3. Bg5 Nf6 4. Nd2 d5 5. e3 O-O 6. h3 Nbd7 7. Ngf3 c5 8. Be2 b6 9. O-O Bb7 10. b4 h6 {D03: 1 d4 d5 2 Nf3 Nf6 3 Bg5, including Torre Attack with early ...d5} (10... Ne4 11. Nxe4 dxe4 12. Nd2 h6 13. Bh4 cxb4 14. cxb4 g5 15. Bg3 e5 16. Rc1 f5 17. Bxe5 Nxe5 18. dxe5 Bxe5 {½-½ (60) Buckley,G (2380)-Hebden,M (2533) Sheffield 2011}) 11. Bxf6 $146 ({Predecessor:} 11. Bf4 Ne4 12. Rc1 Qc8 13. Nxe4 dxe4 14. Nd2 Kh7 15. Qb3 e5 16. Bh2 f5 17. Rfd1 f4 18. Bg4 {½-½ (28) Karlik,V (2286)-Walek,M (2332) Czechia 2004}) 11... Bxf6 12. bxc5 bxc5 13. Bb5 a6 14. Bxd7 Qxd7 15. Nb3 cxd4 16. cxd4 Qd6 17. Nc5 Bc6 18. a4 e6 19. Qd3 a5 20. Qc3 Rfc8 21. Rfc1 Be8 22. Ne5 Bxe5 23. dxe5 Qe7 24. Qd4 Rab8 25. Nd3 Rxc1+ 26. Rxc1 Qd7 27. Rc5 Ra8 28. Nb2 Qb7 29. Kh2 Qb3 30. h4 h5 31. f3 Kh7 32. Rc7 Qb8 33. Qc3 Qd8 34. Kg3 Kg8 35. Qc5 Rb8 36. Nd3 Ra8 37. Nb2 Qb8 38. Nd3 Bxa4 39. Qe7 Be8 40. Nc5 Qb4 {[#]} 41. Rb7 $2 (41. Kh2 $1 $18 Rb8 42. f4) 41... Qa3 $2 (41... Qc3 $11 42. Kf4 Qc2) 42. Rb3 Qa1 {[#]} 43. Qf6 $1 Qe1+ {[#]} 44. Kh2 $1 Bc6 45. Rb6 Rc8 {[#]} 46. Nxe6 $1 fxe6 47. Qxe6+ Kg7 48. Qxc8 Qxh4+ 49. Qh3 Qxh3+ 50. Kxh3 Bd7+ 51. Kh4 Kf7 52. Rd6 Ke8 0-1

[Event "XVII MetLife Najdorf Open 2017"]
[Site "Warsaw"]
[Date "2017.07.16"]
[Round "8"]
[White "Mulet, Piotr"]
[Black "Zherebtsova, Alexandra"]
[Result "1/2-1/2"]
[WhiteElo "2307"]
[BlackElo "2219"]
[Annotator "NA"]
[PlyCount "169"]
[EventDate "2017.??.??"]
[EventType "swiss"]
[EventCountry "POL"]
[SourceTitle "playchess.com"]
[Source "ChessBase"]
[SourceQuality "1"]
[TimeControl "40/5400+30:1800+30"]

1. e4 {[%emt 0:00:00]} e5 {[%emt 0:02:54]} 2. Nf3 {[%emt 0:00:00]} Nc6 {[%emt 0:00:04]} 3. Nc3 {[%emt 0:00:00]} Nf6 {[%emt 0:00:04]} 4. Bb5 {[%emt 0:00:24]} Bb4 {[%emt 0:00:18]} 5. O-O {[%emt 0:01:23]} O-O {[%emt 0:00:42]} 6. d3 {[%emt 0:00:19]} Bxc3 {[%emt 0:00:45]} 7. bxc3 {[%emt 0:00:07]} d6 {[%emt 0:00:42]} 8. Re1 {[%emt 0:00:31]} Ne7 {[%emt 0:01:14]} 9. Bg5 {[%emt 0:01:26] C49: Four Knights: 4 Bb5 Bb4} (9. d4 c6 10. dxe5 dxe5 11. Ba3 cxb5 12. Qxd8 Rxd8 13. Bxe7 Re8 14. Bd6 Nd7 15. Nd2 a6 16. c4 bxc4 17. Nxc4 {1-0 (40) Antonio,R (2572)-Nolte,R (2420) Tagaytay City 2010}) 9... Ng6 {[%emt 0:04:30]} 10. d4 {[%emt 0:00:24]} h6 {[%emt 0:02:34]} 11. Bc1 {[%emt 0:00:16]} c6 {[%emt 0:04:28]} 12. Bd3 $146 {[%emt 0:00:43]} ({Predecessor:} 12. Bf1 Re8 13. Nd2 Nh7 14. Nc4 Qf6 15. Ba3 Rd8 16. g3 Ng5 {½-½ (42) Firat,B (2421)-Huber,M (2176) Legnica 2013}) 12... Qa5 {[%emt 0:02:39]} 13. Bd2 {[%emt 0:05:13]} Re8 {[%emt 0:09:08]} 14. c4 {[%emt 0:01:45]} Qc7 {[%emt 0:00:32]} 15. c3 {[%emt 0:03:24]} c5 {[%emt 0:01:55]} 16. Rb1 {[%emt 0:00:55]} Be6 {[%emt 0:05:47]} 17. d5 {[%emt 0:05:49]} Bd7 {[%emt 0:01:34]} 18. Bf1 {[%emt 0:00:51]} Nh7 {[%emt 0:10:58]} 19. Bd3 {[%emt 0:02:10]} Rf8 {[%emt 0:10:28]} 20. h3 {[%emt 0:00:11]} f5 {[%emt 0:06:18]} 21. Nh2 {[%emt 0:00:08]} f4 {[%emt 0:02:53]} 22. Be2 {[%emt 0:00:11]} Ng5 {[%emt 0:08:06]} 23. Bg4 {[%emt 0:00:24]} Kh7 {[%emt 0:04:40]} 24. Bxd7 {[%emt 0:03:58]} Qxd7 {[%emt 0:00:04]} 25. Qg4 {[%emt 0:00:15]} Rf7 {[%emt 0:09:07]} 26. Rb2 {[%emt 0:02:38]} Qxg4 {[%emt 0:01:26]} 27. hxg4 {[%emt 0:00:16]} Rc8 {[%emt 0:03:20]} 28. f3 {[%emt 0:00:10]} Rcc7 {[%emt 0:00:16]} 29. Kf2 {[%emt 0:01:43]} Ne7 {[%emt 0:01:00]} 30. Reb1 {[%emt 0:00:47]} Nc8 {[%emt 0:00:03]} 31. Ke2 {[%emt 0:00:49]} Nb6 {[%emt 0:00:17]} 32. Kd3 {[%emt 0:00:10]} Rfd7 {[%emt 0:01:02]} 33. Be1 {[%emt 0:02:29]} Nf7 {[%emt 0:00:15]} 34. Bh4 {[%emt 0:01:13]} g5 {[%emt 0:00:14]} 35. Bf2 {[%emt 0:00:22]} Nd8 {[%emt 0:02:37]} 36. Nf1 {[%emt 0:00:18]} Nc8 {[%emt 0:01:20]} 37. Nd2 {[%emt 0:01:28]} Kg6 {[%emt 0:00:04]} 38. Rh1 {[%emt 0:01:05]} Rh7 {[%emt 0:00:17]} 39. Rh5 {[%emt 0:00:21]} Nb6 {[%emt 0:01:25]} 40. Nb1 {[%emt 0:00:00]} Nc8 {[%emt 0:02:50]} 41. Na3 {[%emt 0:05:14]} Rcd7 {[%emt 0:01:30]} 42. Nb5 {[%emt 0:02:42]} Nf7 {[%emt 0:07:06]} 43. a4 {[%emt 0:01:38]} Nh8 {[%emt 0:01:56]} 44. a5 {[%emt 0:00:21]} Kg7 {[%emt 0:00:50]} 45. Rh1 {[%emt 0:07:26]} Nf7 {[%emt 0:01:25]} 46. Rb3 {[%emt 0:03:31]} Kg6 {[%emt 0:01:00]} 47. Rh5 {[%emt 0:00:08]} Nd8 {[%emt 0:01:32]} 48. Rb2 {[%emt 0:01:28]} Nf7 {[%emt 0:00:10]} 49. Rb1 {[%emt 0:06:00]} Kf6 {[%emt 0:01:04]} 50. Bg1 {[%emt 0:01:49]} Kg6 {[%emt 0:00:41]} 51. Rb2 {[%emt 0:00:15]} Nd8 {[%emt 0:01:02]} 52. Kd2 {[%emt 0:01:44]} Nf7 {[%emt 0:00:40]} 53. Bf2 {[%emt 0:00:07]} Kf6 {[%emt 0:00:34]} 54. Rh1 {[%emt 0:00:59]} Kg6 {[%emt 0:00:09]} 55. Rh5 {[%emt 0:00:49]} Kf6 {[%emt 0:00:11]} 56. Ke2 {[%emt 0:00:27]} Kg6 {[%emt 0:00:21]} 57. Na3 {[%emt 0:01:32]} Nd8 {[%emt 0:00:21]} 58. Nc2 {[%emt 0:00:26]} Rde7 {[%emt 0:04:06]} 59. Ne1 {[%emt 0:00:40]} b6 {[%emt 0:01:32]} 60. a6 {[%emt 0:02:54]} Nf7 {[%emt 0:02:11]} 61. Nc2 {[%emt 0:00:12]} Nd8 {[%emt 0:00:25]} 62. Na3 {[%emt 0:00:29]} Nf7 {[%emt 0:01:00]} 63. Nb5 {[%emt 0:00:07]} Rd7 {[%emt 0:00:18]} 64. Rb1 {[%emt 0:00:52]} Nd8 {[%emt 0:00:36]} 65. Rbh1 {[%emt 0:02:12]} Nf7 {[%emt 0:00:26]} 66. R5h3 {[%emt 0:00:28]} Nd8 {[%emt 0:01:50]} 67. Kd3 {[%emt 0:00:09]} Nf7 {[%emt 0:00:08]} 68. Kc2 {[%emt 0:00:12]} Nd8 {[%emt 0:00:17]} 69. Kb3 {[%emt 0:00:23]} Nf7 {[%emt 0:00:10]} 70. Na3 {[%emt 0:00:29]} Nd8 {[%emt 0:00:38]} 71. Nc2 {[%emt 0:00:47]} Rde7 {[%emt 0:00:46]} 72. Ka4 {[%emt 0:00:18]} Rd7 {[%emt 0:02:14]} 73. Ne1 {[%emt 0:00:35]} Ne7 {[%emt 0:00:44]} 74. Nd3 {[%emt 0:00:37]} (74. g3 $14) 74... Ng8 {[%emt 0:00:43]} 75. g3 {[%emt 0:00:07]} Nf7 {[%emt 0:03:58]} 76. Re1 {[%emt 0:04:58]} Kf6 {[%emt 0:02:52]} 77. Re2 {[%emt 0:01:33]} Ne7 {[%emt 0:00:35]} (77... Rd8 $15) 78. Rh1 {[%emt 0:01:15]} Ng6 {[%emt 0:00:24]} 79. Kb5 $11 {[%emt 0:01:20]} Rc7 {[%emt 0:00:43]} 80. Rh3 {[%emt 0:01:41]} Kg7 {[%emt 0:00:48]} 81. Rh1 {[%emt 0:01:02]} Rh8 {[%emt 0:00:07]} 82. Rh3 {[%emt 0:03:55]} Re8 {[%emt 0:00:26]} 83. Be1 {[%emt 0:00:53]} Rce7 {[%emt 0:01:27]} 84. Reh2 {[%emt 0:00:33]} Rc7 {[%emt 0:00:14]} 85. Bf2 {[%emt 0:00:40]} 1/2-1/2